Polt̕ica y derecho en la era del "New Deal" del formalismo al pragmatismo jurd̕ico /

Bibliographic Details
Main Author: Solar Cayn̤, Jos ̌Ignacio
Corporate Authors: Instituto de Derechos Humanos Bartolom ̌de las Casas, Universidad Carlos III de Madrid
Format: Unknown
Language:Spanish
Published: Madrid : Dykinson [etc.], 2002
Subjects:
Online Access:Acceso restringido

MARC

LEADER 00000ny a22000003n 4500
005 20110601142925.0
008 021118s2002 sp sb 000 0 spa c
017 |a D.L. SE2050-2002 
020 |a 8481558036 
035 |a 336 
040 |a PL  |d vLex 
040 |a UMA.RE  |d vLex 
080 |a 342.9(73) 
080 |a 347.9(73) 
090 |c 417  |d 417 
100 1 |a Solar Cayn̤, Jos ̌Ignacio 
245 1 0 |a Polt̕ica y derecho en la era del "New Deal"  |h [Recurso electrn̤ico]  |b del formalismo al pragmatismo jurd̕ico /  |c Jos ̌Ignacio Solar Cayn̤ 
256 |a Servicio en ln̕ea 
260 |a Madrid :  |b Dykinson [etc.],  |c 2002 
300 |a 162 p. ;  |c 21 cm 
500 |a En la portada: Instituto de Derechos Humanos Bartolom ̌de las Casas, Universidad Carlos III de Madrid 
504 |a Bibliogr. : p.[157]-162 
506 1 |a Contenido solo disponible en los productos indicados  |d vLex Global  |d vLex Global (Academic Edition, excluding Law Schools)  |d vLex Global (U.S. Academic Edition, Law Schools)  |d vLex Global (U.S. Academic Edition, excluding Law Schools)  |d vLex Global (Academic Edition, Law Schools) 
650 0 7 |2 Tesauro vLex  |a Historia del derecho 
650 0 7 |2 Tesauro vLex  |a Ciencia del Derecho 
650 0 7 |2 Tesauro vLex  |a Filosofa̕ del Derecho 
710 2 |a Instituto de Derechos Humanos Bartolom ̌de las Casas 
710 2 |a Universidad Carlos III de Madrid 
740 0 |a vLex Libros (Servicios en ln̕ea) 
856 4 0 |z Acceso restringido  |u http://vlex.com/source/politica-new-deal-336 
942 |c BOOK 
999 0 |a Law  |b Madrid